Football : 11 hauts de France - Statistiques

Statistiques générales
  • Ce quiz a été pris 79 fois
  • Le résultat moyen est 5 sur 11
Statistiques - réponses
Poste Club Footballeur % Correct
Gardien PSG Lucas Chevalier
99%
Latéral gauche Aston Villa Lucas Digne
95%
Défenseur central Atletico Clément Lenglet
67%
Latéral droit OM Benjamin Pavard
64%
Ailier Leverkusen Martin Terrier
44%
Milieu LOSC Ayoub Bouaddi
38%
Défenseur central OL Moussa Niakhaté
19%
Milieu LOSC Nabil Bentaleb
11%
Milieu/Ailier Rennes Benjamin Bourigeaud
10%
Attaquant de pointe PSV Alassane Pléa
8%
Milieu Strasbourg Ismaël Doukouré
5%
Aucun quiz correspondant
Distribution des résultats
% des personnes avec chaque résultat
Percentile par nombre de réponses
Votre historique - résultats
Vous n’avez pas pris ce quiz